| 000 | 00669nam a2200277Ia 4500 | ||
|---|---|---|---|
| 008 | 210210b1989 xxu||||| |||| 00| 0 eng d | ||
| 020 | _a1 85251 061 7 | ||
| 082 | _a658 SMIM | ||
| 100 | _aSMITH (Neville I) | ||
| 245 | _aManaging for innovation: The mind mix guide to organisational creativity | ||
| 260 |
_aLondon. _bMercury Books, _c1989 |
||
| 300 | _a240 | ||
| 650 | _ato | ||
| 650 | _aThe | ||
| 650 | _aorganisational | ||
| 650 | _amix | ||
| 650 | _amind | ||
| 650 | _aManaging | ||
| 650 | _ainnovation: | ||
| 650 | _aguide | ||
| 650 | _afor | ||
| 650 | _acreativity | ||
| 690 | _aManagement | ||
| 700 | _aAINSWORTH (Murray) | ||
| 906 | _a043779 | ||
| 999 |
_c93378 _d93378 |
||